Score 0/37 Timer 10:00
0 Plays Today
% Correct
Flesh, Blood, and Bone
91.2%
The Quidditch World Cup
90.1%
The Dark Mark
90.1%
Beauxbatons and Durmstrang
90.1%
Padfoot Returns
90.1%
The Riddle House
89%
The Portkey
89%
The Death Eaters
89%
Veritaserum
89%
The Third Task
86.8%
The Invitation
82.4%
Back to the Burrow
82.4%
The Pensieve
82.4%
Mad-Eye Moody
81.3%
The Egg and the Eye
80.2%
The Goblet of Fire
79.1%
The Yule Ball
79.1%
The Dream
79.1%
The Parting of the Ways
79.1%
% Correct
The Beginning
79.1%
Aboard the Hogwarts Express
78%
The Scar
75.8%
Weasleys' Wizard Wheezes
75.8%
The Second Task
75.8%
The Hungarian Horntail
73.6%
The Four Champions
72.5%
Bagman and Crouch
71.4%
Priori Incantatem
71.4%
The Madness of Mr. Crouch
70.3%
The First Task
69.2%
The House-Elf Liberation Front
69.2%
Rita Skeeter's Scoop
63.7%
Mayhem at the Ministry
61.5%
The Weighing of the Wands
59.3%
The Unexpected Task
53.8%
The Unforgivable Curses
46.2%
The Triwizard Tournament
42.9%
Remove Ads.
Support Sporcle.
Get the best of Sporcle when you Go Orange. This ad-free experience offers more features, more stats, and more fun while also helping to support Sporcle. Thank you for becoming a member.

You're not logged in!

Compare scores with friends on all Sporcle quizzes.
OR
Log In

Show Comments

Extras

Created Dec 17, 2018ReportNominate
Tags:Harry Potter Quiz

Top Quizzes Today


Score Distribution

Your Account Isn't Verified!

In order to create a playlist on Sporcle, you need to verify the email address you used during registration. Go to your Sporcle Settings to finish the process.

Report this User

Report this user for behavior that violates our Community Guidelines.

Details: